A facile access to novel steroidal 17-2′-(1′,3′,4′)-oxadiazoles, and an evaluation of their cytotoxic activities in vitro

Elmentve itt :
Bibliográfiai részletek
Szerzők: Kovács Dóra
Mótyán Gergő
Wölfling János
Kovács Ida
Zupkó István
Frank Éva
Dokumentumtípus: Cikk
Megjelent: Pergamon Press 2014
Sorozat:BIOORGANIC & MEDICINAL CHEMISTRY LETTERS 24
doi:10.1016/j.bmcl.2014.01.069

mtmt:2519152
Online Access:http://publicatio.bibl.u-szeged.hu/9439
LEADER 00941nab a2200253 i 4500
001 publ9439
005 20191204152107.0
008 170520s2014 hu o 0|| zxx d
022 |a 0960-894X 
024 7 |a 10.1016/j.bmcl.2014.01.069  |2 doi 
024 7 |a 2519152  |2 mtmt 
040 |a SZTE Publicatio Repozitórium  |b hun 
041 |a zxx 
100 1 |a Kovács Dóra 
245 1 2 |a A facile access to novel steroidal 17-2′-(1′,3′,4′)-oxadiazoles, and an evaluation of their cytotoxic activities in vitro  |h [elektronikus dokumentum] /  |c  Kovács Dóra 
260 |a Pergamon Press  |c 2014 
300 |a 1265-1268 
490 0 |a BIOORGANIC & MEDICINAL CHEMISTRY LETTERS  |v 24 
700 0 1 |a Mótyán Gergő  |e aut 
700 0 1 |a Wölfling János  |e aut 
700 0 1 |a Kovács Ida  |e aut 
700 0 1 |a Zupkó István  |e aut 
700 0 1 |a Frank Éva  |e aut 
856 4 0 |u http://publicatio.bibl.u-szeged.hu/9439/1/1_s2.0_S0960894X14000997_main_u.pdf  |z Dokumentum-elérés